000
00334nam a2200133Ia 4500
008
100328s9999 xx 000 0 und d
082
_b
14313
100
_a
भावे पु.भा.
245
_a
स्मरणी
260
_b
नवनाथ
630
_a
स्मरणी
730
_a
स्मरणी
942
_c
BOOK
999
_c
509298
_d
509295